000 01096nam a22001935i 4500
001 161813
003 ES-MaACL
005 20251111063351.0
008 020125s1873 sp |||| | spa d
040 _aCAM
_bspa
_cCAM
100 1 _aPérez Echevarría, Francisco,
_d1842-1884
_9131463
245 1 4 _a¡La pobrecita Hortensia!
_b: comedia en un acto y en prosa /
_cescrita por Francisco Pérez Echevarría.
260 _aMadrid :
_b[s.n.],
_c1873 (
_fImprenta de José Rodríguez)
300 _a27 p. ;
_c19 cm.
500 _aEn port.: Representada por primera vez en el Teatro de Eslava el 9 de octubre de 1873.
596 _aAl v. de port. consta : "... Administracion Lírico-Dramática de D. Eduardo Hidalgo..."
852 _aES-MaACL
_jF-8575(3)
_z-- Enc. pasta española
_z-- Ex-libris ms. de Gustavos Saenz Diez
_z-- Dedicatoria ms.:" A mi muy querida, adorada, hermosa y buenísima prima Señorita Doña Dolores Tomé de Olarra
_q-- Falto de la cub. original
_z-- Enc. en un vol. facticio formando parta de la Col. "Teatro español moderno" vol. 28
999 _c161813
_d161813